[Event "RUS-Cup7"]
[Site "Kstovo"]
[Date "1997.05.06"]
[Round "6"]
[White "Ibragimov, Ildar"]
[Black "Kuporosov, Viktor"]
[Result "1-0"]
[WhiteElo "2555"]
[BlackElo "2500"]
[Annotator "Ribli,Z"]
[PlyCount "117"]
[EventDate "1997.05.01"]
[EventType "swiss"]
[EventRounds "9"]
[EventCountry "RUS"]
[SourceTitle "CBM 059"]
[Source "ChessBase"]
[SourceDate "1997.08.01"]
[SourceVersion "1"]
[SourceVersionDate "1997.08.01"]
[SourceQuality "1"]

1. c4 e5 2. Nc3 Bb4 3. g3 {In dieser Zugfolge scheint mir 3.Nd5 besser. Mit
der Partiefortsetzung strebt Weiß die Hauptvariante an.Ribli.} Nf6 4. Bg2 O-O
5. Nf3 Re8 6. O-O e4 7. Nd4 Nc6 8. Nc2 Bxc3 9. dxc3 h6 10. Ne3 {[%cal Ge3d5]
Weiß kontrolliert das wichtige Zentrumfeld d5, in einigen Varianten spielt er
Nd5 und verbessert sich nach eventuellem Springertausch seine Bauernstruktur.
Ribli.} d6 11. Qc2 Qe7 (11... Re5 12. f4 $5 exf3 13. exf3 Re8 14. Bd2 Be6 15.
f4 Ng4 16. Nd5 Ne7 17. h3 Bxd5 18. cxd5 Nf6 19. c4 Qd7 20. Rae1 Nf5 21. Qd3 h5
22. Rxe8+ (22. Bc3 $5) 22... Rxe8 23. Re1 h4 24. Rxe8+ Nxe8 25. g4 {1-0
Spraggett,K-Morovic Fernandez,I/ESP-chT 1994 (41)}) (11... Bd7 12. Bd2 a5 13.
Rae1 (13. b3 Qe7 14. Nd5 Nxd5 15. cxd5 Nb8 16. c4 Bf5 {1/2-1/2 Ibragimov,
I-Komarov,D/Vienna op 1996 (28)}) 13... a4 14. f4 exf3 15. exf3 Ne7 16. Ng4 Ng6
17. Rxe8+ Nxe8 18. Ne3 c6 19. Be1 Qa5 20. Bf2 {1-0 Timman,J-Mestel,A/Las
Palmas izt 1982 (40)}) (11... Nb8 $6 12. f4 exf3 13. exf3 c6 14. Bd2 Qb6 15.
Rae1 Be6 16. Kh1 Nbd7 17. f4 $14 {Ibragimov,I-Skvortsov,A/RUS-ch Elista 1996/
1-0 (63)}) (11... b6 12. Rd1 (12. b3 a5 (12... Bb7 13. f4 exf3 14. exf3 Ne5 15.
Bd2 a5 16. a4 Qd7 17. Rad1 Rad8 18. Bc1 Qc8 19. Nd5 Nxd5 20. cxd5 c6 21. dxc6
Qxc6 22. c4 Qc5+ 23. Qf2 {1/2-1/2 Psakhis,L-Tseitlin,M/Tel Aviv op 1990}) 13.
Bb2 Bd7 14. Rad1 {1/2-1/2 Savon,V-Vaganian,R/URS-ch42 Leningrad 1974 (22)})
12... Bb7 13. Nd5 Rb8 14. b3 (14. Nxf6+ Qxf6 15. Bxe4 Qe6 16. f3 Na5 $44) 14...
Kh8 15. Bf4 (15. Nxf6 Qxf6 16. Bxe4 Nb4) 15... Ne5 16. Bxe4 Nxe4 17. Qxe4 Ng6
18. Qf3 Qd7 19. Rd2 Re6 20. Qg4 Rbe8 21. Rad1 Nxf4 22. Nxf4 Rxe2 $1 {Georgiev,
K-Hjartarson,J/Manila izt 1990/1/2-1/2 (64)}) 12. f4 $5 exf3 {Dieser Tausch
ist meiner Meinung nach praktisch erzwungen.Ribli.} (12... a5 13. h3 {[%cal
Yg3g4] Und Weiß hat freie Hand am Königsflügel.}) 13. exf3 Qe5 {Es ist nicht
leicht, ein gutes Feld für die Dame zu finden.Ribli.} 14. Bd2 a5 {Dieser gute
positionelle Zug sichert das Feld c5 für die Dame.Ribli.} 15. Rae1 $14 {
Der weiße Doppelbauer ist eher stark als schwach, zudem kontrolliert Weiß mehr
Raum und verfügt über das Läuferpaar.Ribli.} Qc5 16. Kh1 Be6 17. b3 Re7 $6 (
17... d5 18. cxd5 Nxd5 19. c4 (19. Nf5 Ndb4 $1) 19... Nxe3 20. Bxe3 Qh5) 18. f4
Rae8 (18... d5 $2 19. f5 $16) 19. Qd1 $1 {[%cal Yd1h5] In einigen Varianten
ist es wichtig, der schwarzen Dame das Feld h5 zu nehmen.} Bd7 20. Nd5 Nxd5 21.
cxd5 Rxe1 22. Rxe1 Ne7 (22... Rxe1+ 23. Qxe1 {[%csl Re7][%cal Ge1e8]}) 23. c4
a4 (23... b6) 24. Bc3 axb3 25. axb3 {Weiß hat die etwas aktivere Stellung und
das Läuferpaar, aber es gibt keine Schwächen im schwarzen Lager. Ribli.} Nf5
26. Rxe8+ Bxe8 {[%csl Gc5][%cal Gc5f2]} 27. Qg1 $1 {Es ist logisch, die schon
jetzt aktive schwarze Dame abzutauschen.Ribli.} Bd7 (27... Qxg1+ 28. Kxg1 Kf8 {
Meiner Meinung nach ist die Stellung trotz minimalen weißen Vorteils zu halten.
Ribli.}) (27... b6 $6 28. Qxc5 bxc5 29. Ba5 $16) 28. Qxc5 dxc5 29. Kg1 f6 30.
Kf2 {Der weiße König scheint mir schneller als sein schwarzer Kollege. Das
reduzierte Material bietet jedoch viele Remismöglichkeiten.Ribli.} Kf7 31. b4 {
Weiß kommt um diesen Zug nicht herum.} cxb4 32. Bxb4 b6 33. Ke2 Nd6 34. Kd3 Bc8
35. Kd4 Nf5+ 36. Kd3 Nd6 37. Kc3 Ke8 38. Bf3 {Wir schauen einem Manöverkampf
zu, der sich vermutlich in Zeitnot abspielte. Die Stellung ändert sich jedoch
nicht.Ribli.} Bh3 39. Be2 Bg2 40. Bd3 Kd7 41. Kd4 Bh3 (41... c5+ {Meiner
Meinung nach wäre es erstrebenswert für Schwarz, so viele Bauern wie möglich
zu tauschen.Ribli.} 42. dxc6+ Bxc6 $11 (42... Kxc6 $11)) 42. Be2 Nf5+ 43. Kd3
Nd6 44. g4 {Mit diesem Zug schränkt Weiß die Möglichkeiten des Bh3 ein.Ribli.}
Bg2 45. Ke3 g5 $6 {Dieser Zug gefällt mir gefühlsmäßig nicht. Einerseits ist
es nicht logisch die Stellung zu öffnen, wenn der Gegner das Läuferpaar hat,
andererseits kann ich aber auch keine ernsthafte weiße Drohung erkennen.
Meiner Meinung nach wäre es besser zu warten.Ribli.} 46. Bd3 Ke8 47. Be1 Kf7
48. h4 {[%csl Rg5] Der Pg5 hängt noch nicht, aber später ist er eine
potentielle Schwäche.Ribli.} gxh4 49. Bxh4 Nb7 50. Bg3 {[%cal Yg3c7]} Nc5 51.
Bc2 Bf1 52. Kd4 Nb7 53. f5 Nd6 54. Bd3 (54. c5 $2 Nb5+) 54... Bh3 (54... Bg2
55. Bf4 (55. Be2 $1 h5 $2 56. Bxd6 (56. gxh5 $4 Nxf5+ $19) 56... cxd6 57. gxh5
$16) 55... Bf3) 55. c5 bxc5+ 56. Kxc5 Bxg4 $2 (56... Ke7 $5 57. Kc6 (57. Be2 $4
Ne4+ $19) (57. Bxd6+ $2 cxd6+ $17) 57... Bxg4 58. Kxc7 Nxf5 $11) 57. Bxd6 cxd6+
58. Kxd6 Bf3 (58... h5 59. Kc7 {[%cal Rd5d8]}) 59. Bc4 {Und Schwarz gab auf.
Ribli.} (59. Bc4 Bg4 60. Kc7 Bxf5 61. d6+ Kf8 (61... Be6 $2 62. d7 $18) 62. Ba6
Z0 63. Bc8 Z0 64. d7 Z0 65. d8=Q+ $18) 1-0

[Event "Cheliabinsk"]
[Site "Cheliabinsk"]
[Date "1991.??.??"]
[Round "?"]
[White "Sorokin, Maxim"]
[Black "Savon, Vladimir A"]
[Result "1/2-1/2"]
[WhiteElo "2500"]
[BlackElo "2465"]
[Annotator "Ribli,Z"]
[PlyCount "64"]
[EventDate "1991.??.??"]
[EventType "tourn"]
[EventRounds "11"]
[EventCountry "URS"]
[EventCategory "7"]
[SourceTitle "CBM 025"]
[Source "ChessBase"]
[SourceDate "1991.12.01"]
[SourceVersion "1"]
[SourceVersionDate "1991.12.01"]
[SourceQuality "1"]

1. c4 e5 2. Nc3 Nf6 3. Nf3 Nc6 4. g3 d5 5. cxd5 Nxd5 6. Bg2 Nb6 7. O-O Be7 8.
Rb1 O-O 9. b4 $5 (9. d3 Be6 10. a3 a5 11. b3 f6 12. Na4 $5 $13 {Shvedchikov,
A-Olbrich,I Moscow2 1991 EXP/21}) 9... e4 10. Nxe4 Nxb4 11. a3 N4d5 12. Qc2 Nf6
13. Nc3 c6 14. e4 Nc4 15. Qa2 Na5 16. d4 Bg4 (16... Be6 17. d5 cxd5 18. Nd4 $14
) 17. Be3 Be6 18. d5 cxd5 19. Nd4 Rc8 20. Nxd5 Bxd5 21. exd5 Ng4 22. Bf4 Bc5
23. Nf3 Nc4 24. Rxb7 Nd6 25. Rb2 (25. Bxd6 Qxd6 $14) 25... Ne4 26. Bh3 h5 27.
Bxg4 hxg4 28. Ne5 Nc3 29. Qb3 Qxd5 30. Qxd5 Nxd5 31. Bd2 Bd4 32. Rb5 Nf6
1/2-1/2

[Event "World Cup"]
[Site "Reykjavik"]
[Date "1991.??.??"]
[Round "4"]
[White "Salov, Valery"]
[Black "Khalifman, Alexander"]
[Result "1/2-1/2"]
[WhiteElo "2665"]
[BlackElo "2630"]
[Annotator "Ribli,Z"]
[PlyCount "44"]
[EventDate "1991.09.??"]
[EventType "tourn"]
[EventRounds "15"]
[EventCountry "ISL"]
[EventCategory "16"]
[SourceTitle "CBM 026"]
[Source "ChessBase"]
[SourceDate "1992.02.01"]
[SourceVersion "1"]
[SourceVersionDate "1992.02.01"]
[SourceQuality "1"]

1. c4 Nf6 2. Nc3 e5 3. Nf3 Nc6 4. g3 d5 5. cxd5 Nxd5 6. Bg2 Nb6 7. O-O Be7 8.
a3 O-O 9. b4 Be6 10. d3 (10. Rb1 $5) 10... Nd4 11. Bb2 Nxf3+ (11... Bb3 12. Qc1
Nxf3+ 13. Bxf3 c6 14. Rb1 f6 15. Ba1 Be6 16. Rd1 Qe8 17. b5 $14 {Uhlmann,
W-Stohl,I Dortmund-A 1991 CBM/23}) 12. Bxf3 c6 13. Ne4 Nd7 14. Qc2 Bd5 15. Nd2
Bxf3 (15... Bd6 $13 {Yudasin,L-Gurevich,M Bern 1989 CBM/11}) 16. Nxf3 Bd6 (
16... Bf6 17. Rad1 Qe7 18. d4 exd4 19. Nxd4 g6 20. Rd3 Rfe8 21. Rfd1 Ne5 22.
Re3 Qf8 23. Nb3 Ng4 24. Rxe8 Rxe8 25. h3 Bxb2 26. Qxb2 Ne5 27. Qd4 $14 {
Speelmann,J-Chandler,M Hastings A 1988 CBM/11}) 17. d4 Re8 18. dxe5 Nxe5 19.
Nd4 Bf8 20. Rfd1 Qc8 21. Nf5 Qe6 22. Ne3 a5 $1 1/2-1/2

[Event "World Cup"]
[Site "Reykjavik"]
[Date "1991.??.??"]
[Round "11"]
[White "Ljubojevic, Ljubomir"]
[Black "Hjartarson, Johann"]
[Result "1/2-1/2"]
[WhiteElo "2600"]
[BlackElo "2550"]
[Annotator "Ribli,Z"]
[PlyCount "240"]
[EventDate "1991.09.??"]
[EventType "tourn"]
[EventRounds "15"]
[EventCountry "ISL"]
[EventCategory "16"]
[SourceTitle "CBM 026"]
[Source "ChessBase"]
[SourceDate "1992.02.01"]
[SourceVersion "1"]
[SourceVersionDate "1992.02.01"]
[SourceQuality "1"]

1. c4 e5 2. Nc3 Nf6 3. g3 d5 4. cxd5 Nxd5 5. Bg2 Nb6 6. Nf3 Nc6 7. O-O Be7 8.
a3 Be6 9. d3 O-O 10. Be3 f5 (10... Kh8 11. b4 f5 12. Rc1 a6 13. Bc5 Bg8 14. e4
f4 15. Re1 Bd6 16. Bxb6 cxb6 17. Nd5 $13 {Vaganian,R-Petursson,M Reykjavik
Summit 1990 CBM/18}) (10... Nd5 11. Bd2 Qd7 12. Rc1 Rad8 13. Ne4 $14 {
Kharitonov,A-Huebner,R EU-Cup f 1991 CBM/23}) (10... f6 11. Na4 Qd7 12. Rc1
Rfd8 13. Re1 Nd4 14. Nc5 Bxc5 15. Rxc5 $14 {Uhlmann,W-Lau,R FRG-ch 1991 CBM/24}
) 11. b4 Bf6 12. Rc1 Nd4 13. Bxd4 exd4 14. Na4 Bd5 15. Nc5 Qe7 16. Qd2 Rae8 17.
a4 c6 (17... Qxe2 18. Qxe2 Rxe2 19. a5 Na8 20. Nxd4 $1 Bxg2 21. Nxe2 Bxf1 22.
Kxf1 $14) 18. Rfe1 Nc8 19. Qf4 Nd6 20. h4 (20. Nxd4 Bxg2 21. Kxg2 g5 $19) 20...
b6 21. Na6 Qd7 22. Nd2 (22. Nxd4 Bxg2 23. Kxg2 Be5 24. Qe3 f4 $19) 22... Bxg2
23. Kxg2 Kh8 $6 24. Nf3 Rd8 25. e3 $1 (25. Nxd4 $2 Bxd4 26. Qxd4 Qb7 $19) 25...
Qb7 26. b5 c5 (26... cxb5 27. Nc7 $146) 27. exd4 Bxd4 28. Kg1 Bf6 29. d4 $1 c4
30. Nb4 Qd7 31. Nc6 Rc8 32. Nfe5 $16 Bxe5 33. dxe5 Ne4 34. Rxc4 a6 35. Rd4 Qe6
36. Qe3 axb5 37. axb5 Ra8 38. Red1 h6 39. Rd8 Kh7 40. Rxf8 Rxf8 41. Qa3 (41.
Qxb6 $6 Qb3 $1) 41... Re8 42. Rd4 Qg6 43. Kg2 Nc5 44. Rd6 Re6 45. Qf3 Rxd6 46.
h5 Qe6 47. exd6 Qxd6 48. Qxf5+ Kg8 49. Kh3 Nd7 50. f4 Nf6 51. Qc8+ Kh7 52. Ne5
Qd1 53. Qf5+ Kg8 54. Kh4 Qh1+ 55. Qh3 Qb1 56. Qc8+ Kh7 57. Qc6 Nxh5 $1 58. Ng4
$1 (58. Kxh5 Qf5+ 59. Kh4 g5+ $10) 58... Qf5 59. Qxb6 Nxf4 $1 60. gxf4 Qxf4 61.
Qc6 g5+ 62. Kh3 Qf1+ 63. Kg3 Qf4+ 64. Kh3 Qf1+ 65. Qg2 Qxb5 $10 66. Qe4+ Kh8
67. Qf3 Qd7 68. Qf8+ Kh7 69. Qxh6+ Kg8 70. Qxg5+ Kf7 71. Qc5 Qd3+ 72. Kh4 Qd8+
73. Kh5 Qd1 74. Kg5 Qd8+ 75. Kf4 Qd2+ 76. Ke4 Qe1+ 77. Kf5 Qf1+ 78. Kg5 Qg2 79.
Qd6 Ke8 80. Qd3 Qg1 81. Qc4 Kd8 82. Kf4 Qh1 83. Qc5 Qh4 84. Qc6 Ke7 85. Qd5 Qe1
86. Qc5+ Kd8 87. Kf5 Qe7 88. Qc4 Qd7+ 89. Kg6 Qd6+ 90. Kh5 Qd1 91. Qc5 Qe2 92.
Qd5+ Kc7 93. Kg5 Qe7+ 94. Nf6 Qe3+ 95. Kg6 Qg1+ 96. Kf7 Qf2 97. Qb5 Qf3 98.
Qc5+ Kb7 99. Ke7 Qc6 100. Qb4+ Qb6 101. Qe4+ Qc6 102. Nd5 Kb8 103. Qf4+ Kb7
104. Qd4 Qb5 105. Qe4 Qc6 106. Qb4+ Ka7 107. Qa3+ Kb8 108. Nf6 Kb7 109. Qb3+
Qb6 110. Qf3+ Qc6 111. Qf5 Qh1 112. Ne4 Ka6 113. Qe6+ Ka7 114. Qa2+ Kb8 115.
Qb3+ Ka7 116. Qa4+ Kb8 117. Nf6 Qb7+ 118. Nd7+ Kc8 119. Ke8 Kc7 120. Qa5+ Kd6
1/2-1/2

[Event "Corus"]
[Site "Wijk aan Zee"]
[Date "2001.01.26"]
[Round "11"]
[White "Kasparov, Garry"]
[Black "Timman, Jan H"]
[Result "1-0"]
[WhiteElo "2849"]
[BlackElo "2629"]
[Annotator "Ribli,Z"]
[PlyCount "93"]
[EventDate "2001.01.13"]
[EventType "tourn"]
[EventRounds "13"]
[EventCountry "NED"]
[EventCategory "19"]
[SourceTitle "CBM 081"]
[Source "ChessBase"]
[SourceDate "2001.03.20"]
[SourceVersion "1"]
[SourceVersionDate "2001.03.20"]
[SourceQuality "1"]

1. c4 e5 2. Nc3 Nf6 3. Nf3 Nc6 4. g3 d5 {Vor langer Zeit - beim WM-Match im
Jahre 1987 - spielte Karpov die Variante mit 4...Bb4 gegen Kasparov.} 5. cxd5
Nxd5 6. Bg2 Nb6 7. O-O Be7 8. Rb1 {Natürlich ist der Exweltmeister (und beste
Spieler der Welt?) immer auf der Höhe der Eröffnungstheorie. Bei der FIDE-WM 
(im Dezember 2000) besiegte Khalifman den deutschen GM Lutz mit dieser
Variante, nun probiert auch Kasparov diese Fortsetzung aus.} O-O 9. b4 Nxb4 $6
{Dieser Zug ist nicht die beste Fortsetzung für Schwarz. Meiner Meinung nach
ist es nicht logisch, dass Schwarz seinen wichtigen Zentrumsbauern auf e5 für
den Pb4 hergibt. In der Folge bekommt Schwarz zwar lebendiges Figurenspiel,
aber der Textzug ist prinzipiell schlecht.} (9... a6 $5 10. a3 (10. a4 Nxb4 11.
Nxe5 a5 12. d4 c6 13. f4 $5 $146 (13. e4 Be6 14. Re1 (14. Bf4 f6 15. Ng4 Qd7
16. h3 Rad8 17. Be3 Nc4 18. Qe2 Nxe3 19. fxe3 Bd6 20. Kh2 h5 {0-1 Scherer,
M-Tukmakov,V/Schwaebisch Gmuend 1997/EXT 98 (35)}) 14... f6 $11 {1/2-1/2
Georgiev,Kiril-Morozevich,Alexander/Tilburg (Netherlands) (4) 1993, 59/45 (40)}
) 13... c5 $1 14. d5 $6 (14. Be3 $142 N6d5 $1 15. Nxd5 Nxd5 16. Bxd5 Qxd5 17.
dxc5 Qe4 18. Qd4 Bf5 19. Qxe4 Bxe4 $44) 14... f6 15. Nd3 $8 N4xd5 16. Nxd5 Nxd5
{0-1 Kobalija,M-Tiviakov,S/Linares 1998/CBM 62 ext/[Tiviakov] (45)}) (10. a3
Re8 (10... Bg4 11. d3 Re8 12. Be3 (12. Bb2 $5) 12... Bf8 13. Nd2 a5 {1/2-1/2
Conquest,S-Olafsson,H/Reykjavik 1996/CBM 52/[Ribli] (35)}) (10... Be6 11. d3 f6
12. Ne4 (12. Be3 $5) 12... Ba2 13. Rb2 Bd5 14. Nc5 Rb8 15. e4 Bf7 16. Qc2 (16.
Be3 $5) 16... Bxc5 17. bxc5 Nc8 18. Be3 N8a7 19. a4 a5 20. Qc3 Qd7 $13 {
Miezis,N-Tukmakov,V/Biel op/1995/EXP48/}) 11. d3 Bf8 12. Bb2 Bf5 $5 13. Qc2 (
13. Nd2 $5) 13... Qd7 14. Ne4 Bxe4 15. dxe4 Bd6 16. e3 Na7 17. Nd2 Qa4 $10 {
Sher,M-Tiviakov,S/RUS-ch Elista/1995/CBM50/INF65,(29)/})) 10. Nxe5 c6 (10... a5
11. d4 N4d5 12. Nxd5 Nxd5 13. Qb3 Nb6 14. Rd1 a4 15. Qd3 Kh8 16. Nc4 Nxc4 17.
Qxc4 c6 18. Be3 Ra6 19. d5 cxd5 20. Bxd5 Rd6 21. Bc5 b5 22. Rxb5 Ba6 23. Bxd6
Bxb5 24. Qxb5 Qxd6 25. Qxa4 Rd8 26. Bb3 {1-0 Kobalija,M-Solomon,K/Elista 1998/
CBM 66 ext (26)}) 11. a3 N4d5 12. Nxd5 cxd5 (12... Nxd5 13. Qc2 $14 {Weiß hat
aktives Figurenspiel und kann mit e4 oder d4 im Zentrum die Initiative
ergreifen.}) 13. a4 $14 Bf6 14. d4 $5 {Dieser natürliche Zug bietet Weiß die
besten Chancen.} (14. a5 Bxe5 15. axb6 axb6 16. Qb3 (16. d4 Bf6 17. e3 Bf5 18.
Rb5 Ra5 19. Qb3 Rxb5 20. Qxb5 Be4) 16... Be6 17. Qxb6 Qxb6 18. Rxb6 Ra7 $13) (
14. Nd3 Bf5 15. a5 Nc4 16. Rxb7 (16. Rb5 Be4 17. Nf4 Bxg2 18. Kxg2 Nxa5 19. Ba3
Re8 20. Qa4 b6 21. Rxd5 Qc7 $13) 16... Qxa5 17. Nf4 Be4 18. d3 Bxg2 19. Kxg2
Nb6 $11) 14... Bf5 15. Rb5 {[%csl Rd5] Weiß provoziert die Schwächung des
schwarzen Damenflügels, es droht 16.a5 mit Bauerngewinn.} a6 16. Rb2 {[%csl
Rb6]} (16. Rb4 $5 a5 17. Rb5 Bxe5 18. dxe5 Bd7 19. Qb3 Bxb5 20. Qxb5 $44) 16...
Rc8 17. Bf4 $2 {[%mdl 16384] Ein automatischer Zug, der Schwarz die Initiative
überläßt.} (17. g4 $1 Be4 (17... Bxe5 18. dxe5 $16 Bxg4 $2 19. Qd4 $18 {
[%cal Rd4g4,Rd4b6]}) 18. f3 Bg6 19. Nxg6 hxg6 20. e3 Re8 21. f4 Nc4 22. Rb3 $16
{In dieser Stellung hat Weiß das Läuferpaar, und der Pd5 ist schwach. Die
einzige Schwäche in der weißen Stellung - der Pe3 - kann leicht verteidigt
werden.}) 17... Bxe5 {Einfach und gut. Schwarz tauscht die beste weiße Figur
ab.} 18. Bxe5 Re8 $1 $15 19. e3 Re7 {[%cal Ge7b7] Schwarz verteidigt den Pb7
und bereitet Nc4 vor.} (19... f6 20. Bf4 (20. g4 $2 Bd7 21. a5 Nc4 22. Bxd5+
Be6 23. Bxc4 Bxc4 24. Bg3 Bxf1 25. Qxf1 Qd5 $19) 20... g5 21. g4 $132) 20. g4
Be4 21. f3 Nc4 22. Re2 Bg6 23. h4 $5 (23. Bf4 Qb6) 23... f6 (23... h5 24. Bf4)
24. Bf4 Qd7 25. Rfe1 Rc6 26. h5 Bf7 27. e4 (27. h6 g5 28. Bh2 f5 29. gxf5 Qxf5
30. e4 $13) 27... dxe4 28. Rxe4 Rxe4 29. Rxe4 (29. fxe4 Nb2 30. Qd2 Qxg4 31.
Qxb2 Qxf4 32. Qxb7 Re6 $15 {[%csl Gf4,Rg1] Die weiße Königsstellung ist
schwach.}) 29... Bd5 (29... Nb2 30. Qe2 Nxa4 31. Re7 Qxd4+ 32. Be3 $44) 30. Re2
Rc8 $2 {Dieser natürliche Zug gibt Weiß Gegenspiel.} (30... h6 $142 $15) (30...
Re6 $142 $15) 31. h6 $1 $132 {[%csl Gh6] Das Erscheinen des weißen Bauern auf
h6 ist prinzipiell gefährlich für Schwarz.} g5 32. Bg3 Re8 33. Qe1 (33. Bf1 $2
Re3 $1) 33... Rxe2 34. Qxe2 Kf8 (34... b5 $1) 35. Qd3 Nb6 $2 {Es ist zu spät -
Schwarz möchte gegen den Pa4 spielen.} (35... b5) 36. a5 Nc4 37. Bf1 $14 Qe7 (
37... Nxa5 $4 38. Qa3+ $18 {[%cal Ra3a5,Ra3f8]}) 38. Qc3 (38. Kf2 Qb4 $132)
38... Qe3+ {Schwarz bleibt nichts anderes übrig, er muss die Damen tauschen.
In diesem Endspiel hat Weiß dank seines Läuferpaars gute Chancen.} 39. Qxe3
Nxe3 40. Bd3 {[%mdl 4096]} Nc4 (40... Kg8 $14) (40... Bxf3 $4 41. Kf2 $18) 41.
Be1 $16 Kg8 42. Kf2 b5 $2 (42... b6 $1 43. axb6 Nxb6 44. Ba5 $1 (44. Bxa6 Bc4
45. Bxc4+ (45. Bb7 Bd5) 45... Nxc4) 44... Nc4 (44... Bc4 45. Bf5 Nd5 46. Bd8
$16) 45. Bd8 a5 46. Bxf6 a4 47. Be7 $1 (47. Bxg5 a3 48. Bxc4 Bxc4 49. Bc1 a2
50. Bb2 Kf7 $11 {Der Bb2 ist so passiv, dass Weiß selbst mit zwei Mehrbauern
nicht gewinnen kann.}) 47... a3 48. Bxc4 Bxc4 49. Bxa3 $16) 43. Bb4 {[%csl Ga5]
[%cal Rd3f5,Rf5c8,Rc8a6]} Nb2 44. Bf5 $18 {Nach diesem Zug ist Schwarz
verloren.} Bc4 (44... Bb7 45. Be6+ Kh8 46. Bf8 $18 (46. Be7 $18)) 45. Ke3 {
Weiß verteidigt sich gegen 45...Nd3+.} Bd5 46. Bc8 Nc4+ 47. Ke2 1-0